000 00808nam a2200277Ia 4500
001 Para_6416
003 CHAP
008 220125s1985 xx 000 0 und d
010 _a205156
040 _cCHAP
082 _aPA 615.9 H35
100 _aHallenbeck, William H.
_9171140
245 _aPesticides and Human Health /
_c William H. Hallenbeck, Kathleen M. Cunningham- Burns
260 _aNew York :
_b Springer-Verlag
300 _a166 p.
650 _aPesticidas
_x efecto en medio ambiente
_9164039
650 _aPesticidas
_x toxicidad
_987571
700 _aCunningham
_x Burns, Kathleen
_9171141
901 _aPA 615.9 H35
902 _aA
905 _a0000001985 0000000000 00
910 _a1985
942 _cPARA
942 _cPARA
_d1
999 _c205156
_d205156